• 首页
  • 本馆介绍
  • 公告通知
  • 最新文献
  • 馆藏检索
  • 电子资源
  • 读者导购
  • 参考咨询
  • 我的图书馆
  • 登录
  • 详细信息显示
  • 放入我的书架
  • 预约/预借图书
  • 作者相关作品
  • 分类相关作品
  • 丛书相关作品
  • 出版社相关作品

书目信息

  • 表格格式
  • 工作单格式
  • 卡片格式
题名:
情商高就是会谈判
    
 
作者: 刘建华 编著
分册:  
出版信息: 天津   天津人民出版社  2020
页数: 250页
开本: 24cm
丛书名: 改变命运的实用金口才系列
单 册:
中图分类: C912.35
科图分类:
主题词: 谈判学--通俗读物
电子资源:
ISBN: 978-7-201-15806-8
000 01020nam0 2200253 450
001 2343817015
005 20231222091937.35
010    @a978-7-201-15806-8@dCNY39.80
100    @a20200605d2020 em y0chiy50 ea
101 0  @achi
102    @aCN@b120000
105    @ay z 000yy
200 1  @a情商高就是会谈判@Aqing shang gao jiu shi hui tan pan@f刘建华编著
210    @a天津@c天津人民出版社@d2020
215    @a250页@d24cm
225 2  @a改变命运的实用金口才系列
300    @a谈判高手速成宝典
330    @a本书是一部介绍谈判工作的社科类图书,我们每一个人都是一位谈判者,每天都不可避免地要与谈判相伴。本书强调根据事情本身的是非曲直寻求解决方案,强调把人和事分开,着眼于利益而非立场,当双方利益发生冲突时,让谈判结果基于某些公平的标准,而不是以某一方意志为转移。本书会告诉你,谈判形式千差万别,但基本要素不会变。
410  0 @12001 @a改变命运的实用金口才系列
606 0  @a谈判学@j通俗读物
690    @aC912.35@v5
701  0 @a刘建华@Aliu jian hua@4编著
801  0 @aCN@b91MARC@c20200612
905    @aBZT@dC912.35@e12
    
    情商高就是会谈判/刘建华编著.-天津:天津人民出版社,2020
    250页;24cm.-(改变命运的实用金口才系列)
    谈判高手速成宝典
    
    ISBN 978-7-201-15806-8:CNY39.80
    本书是一部介绍谈判工作的社科类图书,我们每一个人都是一位谈判者,每天都不可避免地要与谈判相伴。本书强调根据事情本身的是非曲直寻求解决方案,强调把人和事分开,着眼于利益而非立场,当双方利益发生冲突时,让谈判结果基于某些公平的标准,而不是以某一方意志为转移。本书会告诉你,谈判形式千差万别,但基本要素不会变。
●
相关链接 在五车中查询图书 在当当中查询图书 在豆瓣中查询图书


正题名:情商高就是会谈判     索取号:C912.35/12         预约/预借

序号 登录号 条形码 馆藏地/架位号 状态 备注
1 2000990880   2000990880   第四书库/四4架A面6层2列/ [索取号:C912.35/12] 在馆    
2 2000990881   2000990881   第四书库/四4架A面6层2列/ [索取号:C912.35/12] 在馆    
3 2000990882   2000990882   第四书库/四4架A面6层2列/ [索取号:C912.35/12] 在馆    
4 2000990883   2000990883   第四书库/四4架A面6层2列/ [索取号:C912.35/12] 在馆    
5 2000990884   2000990884   第四书库/四4架A面6层2列/ [索取号:C912.35/12] 在馆    
6 2000990885   2000990885   第四书库/四4架A面6层2列/ [索取号:C912.35/12] 在馆    
山东省滨州职业学院图书馆 欢迎您!
大连网信软件有限公司© 版权所有